| 000 | 07321nam a22006257a 4500 | ||
|---|---|---|---|
| 005 | 20090613120515.0 | ||
| 008 | 090613t xxu||||| |||| 00| 0 eng d | ||
| 010 | _aENG-93969 | ||
| 020 |
_c200.00 _a9788180546389 |
||
| 035 | _aEN-77502 | ||
| 035 | _aB-359799-827 | ||
| 037 | _bDBAD / PUB | ||
| 037 | _bSultan Chand | ||
| 040 |
_adpl _bEnglish |
||
| 082 | _a346.07 | ||
| 100 | _aKapoor, N.D. | ||
| 245 |
_aBusiness Law: _cby N.D. Kapoor _bincluding Company Law: for BBA course of Guru Govind Singh Indraprastha University, Delhi, and other similar BBM courses of all Indian universities / |
||
| 250 | _a29th rev. ed. | ||
| 260 |
_aNew Delhi _bSultan Chand _c2009 |
||
| 270 |
_a23, Daryaganj, _bNew Delh _e110002 |
||
| 300 |
_ax, 190p. _c25cm(pbk) |
||
| 650 | _aBusiness Law | ||
| 942 |
_2ddc _cEN _mKAP _h346.07 |
||
| 999 |
_c27402 _d27402 |
||